Platby prostredníctvom krátkych správ odoslaných z mobilných zariadení diplomová práca

Na minha lista:
Detalhes bibliográficos
Autor principal: Hirtl, Jakub
Autor Corporativo: Obchodná fakulta EU. Katedra informatiky obchodných firiem
Outros Autores: Pólya, Attila
Formato: Livro
Idioma:eslovaco
Publicado em: Bratislava 2019
Tags: Adicionar Tag
Sem tags, seja o primeiro a adicionar uma tag!

MARC

LEADER 00000nbm a2200000 4500
001 0254032
005 20191023135140.7
041 0 |a slo 
044 |a SK 
245 1 0 |a Platby prostredníctvom krátkych správ odoslaných z mobilných zariadení  |b diplomová práca  |c Jakub Hirtl ; školiteľ: Attila Pólya 
264 1 |a Bratislava  |c 2019 
300 |a 54 s. 
100 1 |a Hirtl, Jakub 
700 1 |a Pólya, Attila 
710 2 |a Obchodná fakulta EU. Katedra informatiky obchodných firiem